Сomparison of Exams in Terms of Benefits for the Future Engineer; Лингвистические и культурологические аспекты современного инженерного образования

Bibliographic Details
Parent link:Лингвистические и культурологические аспекты современного инженерного образования.— 2021.— [С. 45-49]
Main Author: Зорин О. А.
Corporate Author: Национальный исследовательский Томский политехнический университет Школа базовой инженерной подготовки Отделение иностранных языков
Other Authors: Серёдкина В. А. (научный руководитель), Aksenova N. V. Nataliya Valerievna
Summary:Заглавие с экрана
This article describes advantages and disadventages of international exams for students. to motivate students to pass the English exam as soon as possible. Based on our survey, many students have never even heard about language exams and benefits it gives.
Language:English
Published: 2021
Subjects:
Online Access:http://earchive.tpu.ru/handle/11683/69295
Format: Electronic Book Chapter
KOHA link:https://koha.lib.tpu.ru/cgi-bin/koha/opac-detail.pl?biblionumber=634003

MARC

LEADER 00000naa2a2200000 4500
001 634003
005 20231101133805.0
035 |a (RuTPU)RU\TPU\conf\35753 
035 |a RU\TPU\conf\35752 
090 |a 634003 
100 |a 20211221d2021 k y0rusy50 ba 
101 0 |a eng 
102 |a RU 
105 |a y z 101zy 
135 |a drcn ---uucaa 
181 0 |a i  
182 0 |a b 
200 1 |a Сomparison of Exams in Terms of Benefits for the Future Engineer  |f О. А. Зорин, В. А. Серёдкина  |g sci. adv. N. V. Aksenova 
203 |a Текст  |c электронный 
230 |a 1 компьютерный файл (pdf; 498 Kb) 
300 |a Заглавие с экрана 
320 |a [Библиогр.: с. 48-49 (8 назв.)] 
330 |a This article describes advantages and disadventages of international exams for students. to motivate students to pass the English exam as soon as possible. Based on our survey, many students have never even heard about language exams and benefits it gives. 
463 0 |0 (RuTPU)RU\TPU\conf\35745  |t Лингвистические и культурологические аспекты современного инженерного образования  |o сборник материалов II Международной научно-практической конференции, Томск, 10-12 ноября 2021 г.  |f Национальный исследовательский Томский политехнический университет (ТПУ); гл. ред. Ю. В. Кобенко  |v [С. 45-49]  |d 2021 
610 1 |a электронный ресурс 
610 1 |a труды учёных ТПУ 
610 1 |a international exams 
610 1 |a advantages 
610 1 |a disadvantages 
610 1 |a types of exams 
610 1 |a exam specification 
610 1 |a certificates 
610 1 |a международные экзамены 
610 1 |a преимущества 
610 1 |a недостатки 
610 1 |a виды 
610 1 |a спецификация 
610 1 |a сертификаты 
700 1 |a Зорин  |b О. А. 
701 1 |a Серёдкина  |b В. А. 
702 1 |a Aksenova  |b N. V.  |c linguist  |c Senior Lecturer of Tomsk Polytechnic University  |f 1979-  |g Nataliya Valerievna  |2 stltpush  |4 727 
712 0 2 |a Национальный исследовательский Томский политехнический университет  |b Школа базовой инженерной подготовки  |b Отделение иностранных языков  |h 8029  |2 stltpush  |3 (RuTPU)RU\TPU\col\23510 
801 2 |a RU  |b 63413507  |c 20220125  |g RCR 
856 4 |u http://earchive.tpu.ru/handle/11683/69295 
942 |c BK